Les 10 meilleurs buteurs de Premier League - Statistiques

Statistiques générales
  • Ce quiz a été pris 205 fois
  • Le résultat moyen est 6 sur 10
Statistiques - réponses
Hint Réponse % Correct
Egyptien Mohamed Salah
99%
Français Thierry Henry
92%
Argentin Sergio Aguero
83%
Anglais Harry Kane
80%
Anglais Wayne Rooney
74%
Anglais Alan Shearer
55%
Anglais Frank Lampard
41%
Anglais Andy Cole
15%
Anglais Jermain Defoe
14%
Anglais Robbie Fowler
3%
Aucun quiz correspondant
Distribution des résultats
% des personnes avec chaque résultat
Percentile par nombre de réponses
Votre historique - résultats
Vous n’avez pas pris ce quiz